| 000 | 00754cas a2200265 a 4500 | ||
|---|---|---|---|
| 999 |
_c532144 _d532144 |
||
| 001 | 11221643 | ||
| 003 | NUST | ||
| 005 | 20191111121052.0 | ||
| 022 | 0 |
_a0163-3341 _l0163-3341 _21 |
|
| 038 | _aNasira | ||
| 082 | 0 | 4 | _a338.005 |
| 130 | 0 |
_aEntrepreneur (Santa Monica, Calif.) _925479 |
|
| 210 | 0 | _aEntrepreneur | |
| 245 | 1 | 0 | _aEntrepreneur. |
| 260 | 2 |
_32019 _aUSA _bPARS International Corp, |
|
| 300 |
_avolumes : _billustrations ; _c28 cm |
||
| 310 |
_aHalf-Quaterly _b2019- |
||
| 336 |
_atext _btxt _2rdacontent |
||
| 337 |
_aunmediated _bn _2rdamedia |
||
| 338 |
_avolume _bnc _2rdacarrier |
||
| 650 | 0 |
_aBusiness _vPeriodicals. _925483 |
|
| 650 | 0 |
_aSuccess _vPeriodicals. _925484 |
|
| 650 | 0 |
_aSelf-employed _vPeriodicals. _925485 |
|
| 942 |
_2ddc _cCR _s1 |
||